Missing Word: Joseph Gordon-Levitt Quiz Stats

 Plays Quiz Updated Oct 28, 2012

Support Sporcle.
Go Orange.
Score 0/20 Timer 03:00
1 Play Today
Movie Missing Word % Correct
10 Things I ____ About YouHate
96.1%
The Dark Knight ____Rises
89.9%
(500) Days of ____Summer
81.8%
A ____ Runs Through ItRiver
80.8%
____ in the OutfieldAngels
74%
G.I. Joe: The Rise of ____Cobra
53.8%
Picking Up the ____Pieces
43.5%
____ H20Halloween
25.9%
____-LossStop
22.7%
Latter ____Days
18%
Movie Missing Word % Correct
____ PlanetTreasure
17.5%
____ RushPremium
17.4%
____ at St. AnnaMiracle
17%
Mysterious ____Skin
8.7%
____ LuxxElektra
5.9%
____ in TroubleWomen
4.8%
Sweet ____Jane
3.7%
Holy ____Matrimony
3%
Forever ____Lulu
2.7%
The ____ KillersRoad
2.3%

Today's Daily Dose

Word Ladder
Math Aid

Get the Picture
Warrior Women

You're not logged in!

Compare scores with friends on all Sporcle quizzes.
OR
Log In
Forgot?

From the Vault

Male/Female Animal Terms

by Ben

Science 5m
You may have to lift them up to find out what sex they are...or you could just guess.
Remove Ads.
Support Sporcle.
Get the best of Sporcle when you Go Orange. This ad-free experience offers more features, more stats, and more fun while also helping to support Sporcle. Thank you for becoming a member.

Show Comments

Extras

Top Quizzes Today


Score Distribution

Your Account Isn't Verified!

In order to create a playlist on Sporcle, you need to verify the email address you used during registration. Go to your Sporcle Settings to finish the process.

Report this User

Report this user for behavior that violates our Community Guidelines.

Details: